00293nam a2200121Ia 4500008004100000082001600041100002100057245004100078250000800119260002800127300000800155650000800163191201s2012 xx 000 0 und d a658.51bARI aARNOLD, J.R Tony 0aIntroduction to Materials Management a6th aN. DelhibPearsonc2012 a515 aBBA